Statistics for Teams that participated in EULCS / LEC

Click here to take the quiz!

General Stats

  • This quiz has been taken 35 times
  • The average score is 21 of 31

Answer Stats

Team% Correct
FNATIC
100%
Rogue
100%
G2 Esports
100%
Origen
100%
FC Schalke 04
96%
Team Vitality
96%
SK Gaming
92%
MAD Lions
92%
Misfits Gaming
92%
Excel Esports
88%
Splyce
85%
H2K Gaming
77%
Team ROCCAT
77%
Unicorns of Love
73%
Alliance
69%
Gambit Gaming
62%
Giants Gaming
58%
Against All Authority (AAA)
50%
Copenhagen Wolves
50%
Ninjas in Pyjamas
42%
MeetYourMakers
42%
Mysterious Monkeys
38%
Millenium
38%
Elements
38%
Supa Hot Crew
31%
Lemondogs
27%
Evil Geniuses
27%
Dragon Borns
23%
Team ALTERNATE
23%

Score Distribution

Percentile by Number Answered

Percent of People with Each Score

Your Score History

You have not taken this quiz